[Event "Poznan op 21st"]
[Site "Poznan"]
[Date "2013.08.08"]
[Round "2"]
[White "Warchol, Maria"]
[Black "Weglarz, Leszek"]
[Result "0-1"]
[WhiteElo "1869"]
[BlackElo "2213"]
[PlyCount "89"]
[EventDate "2013.08.07"]
[EventType "swiss"]
[EventRounds "9"]
[EventCountry "POL"]
[SourceTitle "CBM 155 Extra"]
[Source "ChessBase"]
[SourceDate "2013.08.26"]
[SourceVersion "1"]
[SourceVersionDate "2013.08.26"]
[SourceQuality "1"]

1. e4 c5 2. Nf3 Nc6 3. d4 cxd4 4. Nxd4 Nf6 5. Nc3 d6 6. f3 e5 7. Ndb5 a6 8. Na3 b5 9. Nd5 Nxd5 10. exd5 Nd4 11. Be3 Nf5 12. Bf2 Be7 13. Bd3 Bg5 14. Qe2 0-0 15. c3 Ne7 16. Nc2 Bb7 17. Nb4 f5 18. 0-0 Nxd5 19. Nxd5 Bxd5 20. a4 bxa4 21. Bxa6 e4 22. fxe4 Bxe4 23. Rxa4 d5 24. Rb4 Be7 25. Rd4 Rf6 26. Bb5 Rg6 27. g3 Bc5 28. Rdd1 Qb6 29. Bd3 Bxf2+ 30. Qxf2 Qxf2+ 31. Rxf2 Rf6 32. Bxe4 dxe4 33. Rfd2 Kf7 34. Kf2 g5 35. Rd7+ Kg6 36. R7d6 f4 37. gxf4 gxf4 38. R6d4 Re8 39. Re1 Kf5 40. c4 Rh6 41. Kg2 f3+ 42. Kg1 Rg6+ 43. Kh1 f2 44. Rf1 e3 45. c5 0-1

[Event "Poznan op 21st"]
[Site "Poznan"]
[Date "2013.08.07"]
[Round "1"]
[White "Weglarz, Leszek"]
[Black "Szczepaniak, Artur"]
[Result "1-0"]
[WhiteElo "2213"]
[BlackElo "1673"]
[PlyCount "111"]
[EventDate "2013.08.07"]
[EventType "swiss"]
[EventRounds "9"]
[EventCountry "POL"]
[SourceTitle "CBM 155 Extra"]
[Source "ChessBase"]
[SourceDate "2013.08.26"]
[SourceVersion "1"]
[SourceVersionDate "2013.08.26"]
[SourceQuality "1"]

1. e4 c5 2. Nf3 Nc6 3. Bb5 e6 4. 0-0 Nge7 5. Re1 a6 6. Bf1 d5 7. e5 Ng6 8. c3 Be7 9. d4 0-0 10. Nbd2 cxd4 11. cxd4 Bd7 12. Nb3 Qc7 13. h4 Nxh4 14. Nxh4 Bxh4 15. Re3 Bg5 16. Rh3 Bxc1 17. Rxc1 f6 18. Bd3 g6 19. Rxh7 f5 20. Rh3 Kg7 21. Qd2 Rh8 22. Rxh8 Rxh8 23. Qg5 Qd8 24. Qxd8 Rxd8 25. Nc5 Nxd4 26. Nxb7 Rc8 27. Rxc8 Bxc8 28. Nd6 Bd7 29. Bxa6 Nc6 30. Nb7 Nxe5 31. f4 Nc6 32. Nc5 Nb8 33. Bb7 Kf6 34. a4 Bc6 35. Bc8 e5 36. b4 e4 37. b5 Be8 38. Nb3 Ke7 39. Kf2 Kd6 40. Ke3 Kc7 41. Be6 Kd6 42. Bc8 Kc7 43. Be6 Kd6 44. Nd4 Kc5 45. Bg8 Nd7 46. Ne6+ Kd6 47. a5 Nf6 48. b6 Bc6 49. a6 Nd7 50. Kd4 Nxb6 51. Nf8 Nc4 52. Nxg6 e3 53. Kd3 Kc5 54. Ne7 d4 55. Nxc6 Kxc6 56. Bxc4 1-0

[Event "SVK-ch op-A"]
[Site "Banska Stiavnica"]
[Date "2011.07.15"]
[Round "7"]
[White "Weglarz, Leszek"]
[Black "Jurcik, Martin"]
[Result "1/2-1/2"]
[WhiteElo "2215"]
[BlackElo "2360"]
[PlyCount "72"]
[EventDate "2011.07.09"]
[EventType "swiss"]
[EventRounds "9"]
[EventCountry "SVK"]
[SourceTitle "CBM 143 Extra"]
[Source "ChessBase"]
[SourceDate "2011.08.29"]
[SourceVersion "1"]
[SourceVersionDate "2011.08.29"]
[SourceQuality "1"]

1. e4 c5 2. Nf3 e6 3. Bd3 Nc6 4. 0-0 g6 5. Re1 Bg7 6. Nc3 d6 7. a3 Nge7 8. Rb1 0-0 9. b4 b6 10. b5 Nd4 11. Nxd4 cxd4 12. Ne2 f5 13. c3 Bb7 14. Nxd4 Bxd4 15. cxd4 fxe4 16. Bxe4 d5 17. Bd3 Nf5 18. Bf1 Nxd4 19. Bb2 Qf6 20. f3 Qf4 21. Kh1 e5 22. Bxd4 exd4 23. Re7 Rf7 24. Rxf7 Kxf7 25. Rc1 Re8 26. Qc2 Rc8 27. Qd1 Rc5 28. Rxc5 bxc5 29. Qa4 Qb8 30. b6 axb6 31. Qd7+ Kf6 32. g3 Qc8 33. Qxh7 Bc6 34. Qh4+ Kg7 35. Qe7+ Kg8 36. Qf6 Qe8 1/2-1/2

[Event "SVK-chT2C 10/11"]
[Site "Slovakia"]
[Date "2011.03.06"]
[Round "9.1"]
[White "Listiak, Juraj"]
[Black "Weglarz, Leszek"]
[Result "0-1"]
[WhiteElo "2011"]
[BlackElo "2192"]
[PlyCount "56"]
[EventDate "2010.10.23"]
[EventType "team-tourn"]
[EventRounds "11"]
[EventCountry "SVK"]
[SourceTitle "EXT 2019"]
[Source "ChessBase"]
[SourceDate "2018.10.10"]
[SourceVersion "1"]
[SourceVersionDate "2018.10.10"]
[SourceQuality "1"]
[WhiteTeam "Banska Bystrica Kurta"]
[BlackTeam "Sklene Patriots CC"]
[WhiteTeamCountry "SVK"]
[BlackTeamCountry "SVK"]

1. e4 c5 2. Nc3 Nc6 3. g3 g6 4. Bg2 Bg7 5. d3 Rb8 6. Be3 d6 7. Qd2 b5 8. f4 Bd7 9. Nf3 b4 10. Nd1 Nf6 11. Nf2 Ng4 12. Rb1 Nxe3 13. Qxe3 Nd4 14. Nxd4 Bxd4 15. Qc1 Qa5 16. 0-0 Qxa2 17. Ra1 Qxb2 18. Qxb2 Bxb2 19. Rxa7 Bd4 20. Re1 c4 21. Rc7 cxd3 22. cxd3 b3 23. Rb1 b2 24. e5 Be6 25. exd6 exd6 26. Bc6+ Kd8 27. Rb7 Rxb7 28. Bxb7 Ba2 0-1

[Event "SVK-chT2C 10/11"]
[Site "Slovakia"]
[Date "2011.02.05"]
[Round "6.6"]
[White "Weglarz, Leszek"]
[Black "Jurcik, Martin"]
[Result "1/2-1/2"]
[WhiteElo "2192"]
[BlackElo "2372"]
[PlyCount "46"]
[EventDate "2010.10.23"]
[EventType "team-tourn"]
[EventRounds "11"]
[EventCountry "SVK"]
[SourceTitle "EXT 2019"]
[Source "ChessBase"]
[SourceDate "2018.10.10"]
[SourceVersion "1"]
[SourceVersionDate "2018.10.10"]
[SourceQuality "1"]
[WhiteTeam "Sklene Patriots CC"]
[BlackTeam "Cadca Caissa"]
[WhiteTeamCountry "SVK"]
[BlackTeamCountry "SVK"]

1. e4 c5 2. Nf3 d6 3. Bb5+ Nd7 4. d4 cxd4 5. Qxd4 a6 6. Bxd7+ Bxd7 7. Nc3 e5 8. Qd3 h6 9. Be3 Nf6 10. Nd2 Be6 11. Nc4 d5 12. exd5 Nxd5 13. Nxd5 Qxd5 14. Qxd5 Bxd5 15. Nb6 Rd8 16. Nxd5 Rxd5 17. Ke2 Kd7 18. Rhd1 Rxd1 19. Rxd1+ Kc7 20. f4 Bd6 21. f5 h5 22. Kf3 Kc6 23. Ke4 h4 1/2-1/2

[Event "SVK-chT2C 10/11"]
[Site "Slovakia"]
[Date "2010.12.04"]
[Round "3.5"]
[White "Kovalik, Julius"]
[Black "Weglarz, Leszek"]
[Result "0-1"]
[WhiteElo "2024"]
[BlackElo "2192"]
[PlyCount "102"]
[EventDate "2010.10.23"]
[EventType "team-tourn"]
[EventRounds "11"]
[EventCountry "SVK"]
[SourceTitle "EXT 2019"]
[Source "ChessBase"]
[SourceDate "2018.10.10"]
[SourceVersion "1"]
[SourceVersionDate "2018.10.10"]
[SourceQuality "1"]
[WhiteTeam "Podpolanie"]
[BlackTeam "Sklene Patriots CC"]
[WhiteTeamCountry "SVK"]
[BlackTeamCountry "SVK"]

1. c4 e6 2. e4 d5 3. exd5 exd5 4. cxd5 Nf6 5. Nc3 Nxd5 6. d4 Be7 7. Bc4 Nf6 8. Nge2 0-0 9. 0-0 a6 10. Ng3 Nc6 11. d5 Na5 12. Be2 c6 13. dxc6 Nxc6 14. Be3 Be6 15. Nge4 Nxe4 16. Nxe4 Qa5 17. a3 Rfd8 18. Qe1 Qe5 19. Nc3 Nd4 20. Bxd4 Rxd4 21. Bf3 Qc7 22. Qe3 Rad8 23. Rad1 Rxd1 24. Rxd1 Rxd1+ 25. Bxd1 g6 26. Bf3 Bf6 27. h3 Kg7 28. g4 b6 29. g5 Be5 30. Kg2 Bf4 31. Qd3 Qe5 32. h4 h6 33. Qe4 hxg5 34. Qxe5+ Bxe5 35. hxg5 Bf4 36. Ne4 Bc1 37. Bd1 Bxb2 38. a4 Bc1 39. Kg3 b5 40. Nc5 Bc8 41. Nxa6 bxa4 42. Bxa4 Bxa6 43. f4 Bc8 44. Kf3 Be6 45. Bc2 Kf8 46. Ba4 Ke7 47. Bc2 Kd6 48. Ba4 Kc5 49. Bc2 Kd4 50. Ba4 Ba3 51. Be8 Bd6 0-1

[Event "Gniezno Powiatu-A"]
[Site "Gniezno"]
[Date "2010.11.12"]
[Round "1.4"]
[White "Weglarz, Leszek"]
[Black "Nowak, Lukasz1111"]
[Result "1-0"]
[WhiteElo "2192"]
[BlackElo "1687"]
[PlyCount "86"]
[EventDate "2010.11.12"]
[EventType "swiss"]
[EventRounds "5"]
[EventCountry "POL"]
[SourceTitle "EXT 2023"]
[Source "ChessBase"]
[SourceDate "2022.10.05"]
[SourceVersion "1"]
[SourceVersionDate "2022.10.05"]
[SourceQuality "1"]

1. e4 c5 2. Nf3 e6 3. d4 cxd4 4. Nxd4 Nc6 5. Nc3 Nf6 6. Ndb5 Bb4 7. a3 Bxc3+ 8. Nxc3 0-0 9. Bd3 d5 10. exd5 exd5 11. 0-0 Bg4 12. f3 Be6 13. Bg5 h6 14. Bh4 Rc8 15. Kh1 Ne5 16. f4 Nc4 17. Qc1 d4 18. Ne4 Ne3 19. Nxf6+ gxf6 20. Rf3 Bd5 21. Rxe3 dxe3 22. Qxe3 Re8 23. Qh3 Be4 24. Bxe4 Rxe4 25. Bxf6 Qxf6 26. Qxc8+ Kh7 27. Qxb7 Rxf4 28. Rg1 Rf1 29. Qxa7 Rxg1+ 30. Qxg1 Qxb2 31. a4 Qxc2 32. Qa1 Kg8 33. a5 Qc7 34. a6 Qa7 35. h3 h5 36. h4 Kf8 37. Qa3+ Kg8 38. Qg3+ Kh7 39. Qd3+ Kg8 40. Qb5 Qe7 41. Qxh5 Qe1+ 42. Kh2 Qe4 43. Kg3 Qe1+ 1-0

[Event "SVK-chT2C 10/11"]
[Site "Slovakia"]
[Date "2010.10.23"]
[Round "1.6"]
[White "Weglarz, Leszek"]
[Black "Michalicka, Milan"]
[Result "1-0"]
[WhiteElo "2192"]
[BlackElo "2199"]
[PlyCount "69"]
[EventDate "2010.10.23"]
[EventType "team-tourn"]
[EventRounds "11"]
[EventCountry "SVK"]
[SourceTitle "EXT 2019"]
[Source "ChessBase"]
[SourceDate "2018.10.10"]
[SourceVersion "1"]
[SourceVersionDate "2018.10.10"]
[SourceQuality "1"]
[WhiteTeam "Sklene Patriots CC"]
[BlackTeam "Banska Bystrica TH Junior "]
[WhiteTeamCountry "SVK"]
[BlackTeamCountry "SVK"]

1. e4 c5 2. Nf3 g6 3. d4 cxd4 4. Nxd4 Bg7 5. Nc3 Nc6 6. Be3 Nf6 7. Be2 0-0 8. f4 d6 9. Nb3 Qc7 10. g4 Re8 11. h4 b6 12. g5 Nd7 13. h5 Bb7 14. hxg6 hxg6 15. Qd2 Na5 16. Nxa5 bxa5 17. Bd4 e5 18. fxe5 dxe5 19. Be3 Nc5 20. Bd3 Red8 21. Qe2 a4 22. a3 Nxd3+ 23. cxd3 Bc6 24. 0-0-0 Rab8 25. Rd2 Rb3 26. Rc2 Qb7 27. Qh2 Kf8 28. Bc5+ Ke8 29. Qh7 Bf8 30. Bxf8 Kxf8 31. Qh8+ Ke7 32. Qxe5+ Kd7 33. Rf1 Kc8 34. Nd5 Rb5 35. Rf6 1-0

[Event "Brezova op"]
[Site "Brezova pod Bradlom"]
[Date "2009.08.28"]
[Round "8"]
[White "Weglarz, Leszek"]
[Black "Pagerka, Martin"]
[Result "1/2-1/2"]
[WhiteElo "2262"]
[BlackElo "2105"]
[PlyCount "51"]
[EventDate "2009.08.22"]
[EventType "swiss"]
[EventRounds "9"]
[EventCountry "SVK"]
[SourceTitle "CBM 132 Extra"]
[Source "ChessBase"]
[SourceDate "2009.11.03"]
[SourceVersion "1"]
[SourceVersionDate "2009.11.03"]
[SourceQuality "1"]

1. e4 c5 2. Nf3 a6 3. c3 e6 4. d4 d5 5. e5 Nc6 6. Bd3 Bd7 7. dxc5 Bxc5 8. 0-0 h6 9. Qe2 Qc7 10. Nbd2 Nge7 11. Nb3 Ba7 12. Nbd4 g5 13. h3 Rg8 14. Nxc6 Nxc6 15. Be3 Bb8 16. Bd4 h5 17. Rae1 g4 18. hxg4 hxg4 19. Nh2 f5 20. g3 Nxd4 21. cxd4 Ba7 22. Rc1 Bc6 23. Qe3 0-0-0 24. Kg2 Rh8 25. Rh1 Qb6 26. Rc5 1/2-1/2

[Event "Brezova op"]
[Site "Brezova pod Bradlom"]
[Date "2009.08.24"]
[Round "4"]
[White "Blatnicky, Miroslav"]
[Black "Weglarz, Leszek"]
[Result "1/2-1/2"]
[WhiteElo "2109"]
[BlackElo "2262"]
[PlyCount "59"]
[EventDate "2009.08.22"]
[EventType "swiss"]
[EventRounds "9"]
[EventCountry "SVK"]
[SourceTitle "CBM 132 Extra"]
[Source "ChessBase"]
[SourceDate "2009.11.03"]
[SourceVersion "1"]
[SourceVersionDate "2009.11.03"]
[SourceQuality "1"]

1. e4 e5 2. Nf3 Nf6 3. Nxe5 d6 4. Nf3 Nxe4 5. d4 Be7 6. Bd3 Nf6 7. 0-0 0-0 8. Bg5 Nbd7 9. Nbd2 Re8 10. c3 Nf8 11. Re1 Be6 12. Qc2 h6 13. Bh4 Nh5 14. Bxe7 Rxe7 15. Bf5 Qd7 16. Bxe6 Rxe6 17. Rxe6 Qxe6 18. Qb3 Qxb3 19. axb3 Nd7 20. g3 Nhf6 21. Nc4 Kf8 22. Nfd2 d5 23. Ne3 g6 24. f3 c5 25. dxc5 Nxc5 26. c4 dxc4 27. bxc4 Rd8 28. Ndf1 a6 29. b4 Nd3 30. b5 1/2-1/2

[Event "Brezova op"]
[Site "Brezova pod Bradlom"]
[Date "2009.08.22"]
[Round "1"]
[White "Weglarz, Leszek"]
[Black "Sosovicka, Matej"]
[Result "1-0"]
[WhiteElo "2262"]
[BlackElo "1844"]
[PlyCount "47"]
[EventDate "2009.08.22"]
[EventType "swiss"]
[EventRounds "9"]
[EventCountry "SVK"]
[SourceTitle "CBM 132 Extra"]
[Source "ChessBase"]
[SourceDate "2009.11.03"]
[SourceVersion "1"]
[SourceVersionDate "2009.11.03"]
[SourceQuality "1"]

1. e4 e5 2. d4 exd4 3. Qxd4 Nc6 4. Qe3 Bb4+ 5. Nc3 d6 6. Bd2 Nf6 7. 0-0-0 Qe7 8. Qg3 Be6 9. Nge2 0-0-0 10. a3 Ba5 11. f3 Nh5 12. Qe1 Rhe8 13. g4 Nf6 14. Nf4 Ne5 15. g5 Nfd7 16. Qg3 Kb8 17. Nfd5 Bxd5 18. Nxd5 Bxd2+ 19. Rxd2 Qe6 20. Bh3 f5 21. gxf6 Qf7 22. fxg7 Rg8 23. Rg2 Nf6 24. Qf4 1-0

[Event "Stare Mesto op"]
[Site "Stare Mesto"]
[Date "2009.08.16"]
[Round "3"]
[White "Weglarz, Leszek"]
[Black "Mouryc, Tomas"]
[Result "1-0"]
[WhiteElo "2262"]
[BlackElo "1999"]
[PlyCount "79"]
[EventDate "2009.08.14"]
[EventType "swiss"]
[EventRounds "10"]
[EventCountry "CZE"]
[SourceTitle "CBM 131 Extra"]
[Source "ChessBase"]
[SourceDate "2009.09.03"]
[SourceVersion "2"]
[SourceVersionDate "2009.09.16"]
[SourceQuality "1"]

1. e4 d5 2. exd5 Qxd5 3. Nf3 Bg4 4. Be2 Nc6 5. h3 Bxf3 6. Bxf3 Qe5+ 7. Qe2 Qxe2+ 8. Bxe2 0-0-0 9. b3 e5 10. Bb2 Nd4 11. Bd1 Bc5 12. c3 Nc6 13. b4 Be7 14. Ke2 Nf6 15. Bb3 Nd5 16. g3 f6 17. d3 Rhe8 18. Nd2 g6 19. a3 Bf8 20. Rad1 f5 21. Rhe1 Bg7 22. Kf1 Nf6 23. Bc2 Nd5 24. b5 Nb8 25. c4 Nb6 26. f4 N8d7 27. Nf3 e4 28. Bxg7 exf3 29. Kf2 Nc5 30. Rxe8 Rxe8 31. Kxf3 Nbd7 32. Bc3 Nb6 33. Re1 Rxe1 34. Bxe1 Kd7 35. g4 fxg4+ 36. hxg4 Ke6 37. d4 Ncd7 38. f5+ Kf7 39. Bb3 gxf5 40. c5+ 1-0

[Event "Stare Mesto op"]
[Site "Stare Mesto"]
[Date "2009.08.14"]
[Round "1"]
[White "Weglarz, Leszek"]
[Black "Vranova, Jarmila"]
[Result "1-0"]
[WhiteElo "2262"]
[BlackElo "1786"]
[PlyCount "63"]
[EventDate "2009.08.14"]
[EventType "swiss"]
[EventRounds "10"]
[EventCountry "CZE"]
[SourceTitle "CBM 131 Extra"]
[Source "ChessBase"]
[SourceDate "2009.09.03"]
[SourceVersion "2"]
[SourceVersionDate "2009.09.16"]
[SourceQuality "1"]

1. e4 c6 2. d4 d5 3. e5 Bf5 4. Nf3 e6 5. Be2 Bb4+ 6. c3 Be7 7. 0-0 h6 8. c4 Nd7 9. Nc3 dxc4 10. Bxc4 Nb6 11. Be2 Qd7 12. a4 0-0-0 13. a5 Nd5 14. a6 b6 15. Nxd5 Qxd5 16. Be3 g5 17. Nd2 g4 18. Bxg4 Bxg4 19. Qxg4 Bb4 20. Rfc1 Ne7 21. Nc4 Kc7 22. Ra4 Rhg8 23. Qh3 Rxg2+ 24. Qxg2 Rg8 25. Qxg8 Nxg8 26. Rxb4 b5 27. Nd6 h5 28. Rxb5 Qf3 29. Rb7+ Kd8 30. Nxf7+ Ke8 31. Nd6+ Kd8 32. Bg5+ 1-0

[Event "Orlova op 6th"]
[Site "Orlova"]
[Date "2009.05.29"]
[Round "8"]
[White "Weglarz, Leszek"]
[Black "Reznicek, Marcel"]
[Result "1/2-1/2"]
[WhiteElo "2258"]
[BlackElo "2045"]
[PlyCount "88"]
[EventDate "2009.05.23"]
[EventType "swiss"]
[EventRounds "9"]
[EventCountry "CZE"]
[SourceTitle "EXT 2012"]
[Source "ChessBase"]
[SourceDate "2011.11.24"]
[SourceVersion "1"]
[SourceVersionDate "2011.11.24"]
[SourceQuality "1"]

1. e4 c5 2. Nf3 g6 3. c3 Nf6 4. e5 Nd5 5. d4 cxd4 6. Qxd4 Nc7 7. Bc4 Nc6 8. Qh4 Ne6 9. 0-0 Qc7 10. Re1 h5 11. Na3 a6 12. Bf4 Bg7 13. Bg3 b5 14. Bd5 Bb7 15. Rad1 Ncd8 16. Bxb7 Nxb7 17. Nc2 Qc4 18. Qxc4 bxc4 19. Na3 Rc8 20. h4 Bh6 21. Nd4 Na5 22. Nxe6 dxe6 23. f4 0-0 24. Bh2 Rfd8 25. g3 Rd5 26. Rxd5 exd5 27. Kg2 e6 28. Nc2 Nc6 29. Bg1 Rb8 30. Rb1 Bf8 31. Kf3 a5 32. Ke2 a4 33. Kd2 Kg7 34. Nd4 Nxd4 35. Bxd4 Be7 36. Kc2 Rb7 37. Re1 Rb5 38. Rb1 Rb7 39. Re1 Rb5 40. a3 Rb8 41. Re2 Rb5 42. Kc1 Rb8 43. Kc2 Rb5 44. Kc1 Rb8 1/2-1/2

[Event "Tatry op"]
[Site "Tatranske Zruby"]
[Date "2008.09.29"]
[Round "4"]
[White "Weglarz, Leszek"]
[Black "Janos, Ivan"]
[Result "1-0"]
[WhiteElo "2303"]
[BlackElo "2159"]
[PlyCount "65"]
[EventDate "2008.09.27"]
[EventType "swiss"]
[EventRounds "9"]
[EventCountry "SVK"]
[SourceTitle "CBM 126 Extra"]
[Source "ChessBase"]
[SourceDate "2008.11.05"]
[SourceVersion "1"]
[SourceVersionDate "2008.11.05"]
[SourceQuality "1"]

1. Nf3 Nf6 2. b4 d5 3. Bb2 Bf5 4. a3 e6 5. Nh4 Bd6 6. Nxf5 exf5 7. c4 dxc4 8. Qc2 0-0 9. Qxf5 Nbd7 10. e3 b5 11. Qxb5 c5 12. Qxc4 Ne5 13. Qb3 cxb4 14. axb4 Rb8 15. b5 Ne4 16. Nc3 Nxf2 17. Kxf2 Qh4+ 18. Ke2 Qg4+ 19. Ke1 Be7 20. Be2 Qxg2 21. Rf1 Rbd8 22. d4 Bg5 23. Nd1 Bh4+ 24. Kd2 Ng4 25. Rxa7 Nf6 26. Rxf6 Bxf6 27. Ba3 Rfe8 28. Qxf7+ Kh8 29. Rd7 Qa8 30. Bc5 Qa5+ 31. Nc3 Rc8 32. Ra7 Qd8 33. Nd5 1-0

[Event "Tatry op"]
[Site "Tatranske Zruby"]
[Date "2008.09.27"]
[Round "1"]
[White "Belunek, Zdenek"]
[Black "Weglarz, Leszek"]
[Result "1/2-1/2"]
[WhiteElo "1977"]
[BlackElo "2303"]
[PlyCount "68"]
[EventDate "2008.09.27"]
[EventType "swiss"]
[EventRounds "9"]
[EventCountry "SVK"]
[SourceTitle "CBM 126 Extra"]
[Source "ChessBase"]
[SourceDate "2008.11.05"]
[SourceVersion "1"]
[SourceVersionDate "2008.11.05"]
[SourceQuality "1"]

1. e4 e5 2. Nf3 Nf6 3. Nc3 Bb4 4. Bc4 d6 5. d3 Be6 6. Bxe6 fxe6 7. 0-0 Bxc3 8. bxc3 0-0 9. Ba3 Qe8 10. Rb1 b6 11. Qe1 Qa4 12. Qc1 Nc6 13. Ng5 Rae8 14. Qb2 h6 15. Nf3 Rf7 16. Rbe1 Nh5 17. Re3 Nf4 18. g3 Ng6 19. Nd2 d5 20. Kg2 d4 21. Rf3 Rxf3 22. Nxf3 dxc3 23. Qxc3 Nd4 24. Nxd4 exd4 25. Qb3 Qxb3 26. axb3 a5 27. f4 c5 28. f5 Ne5 29. Bc1 exf5 30. Rxf5 Nc6 31. Bd2 Ne7 32. Rf2 Nc6 33. Rf5 Ne7 34. Rf2 Nc6 1/2-1/2

[Event "Stare Mesto op"]
[Site "Stare Mesto"]
[Date "2008.08.16"]
[Round "10"]
[White "Freyberg, Dominic"]
[Black "Weglarz, Leszek"]
[Result "1/2-1/2"]
[WhiteElo "2159"]
[BlackElo "2303"]
[PlyCount "29"]
[EventDate "2008.08.08"]
[EventType "swiss"]
[EventRounds "10"]
[EventCountry "CZE"]
[SourceTitle "CBM 125 Extra"]
[Source "ChessBase"]
[SourceDate "2008.09.01"]
[SourceVersion "1"]
[SourceVersionDate "2008.09.01"]
[SourceQuality "1"]

1. e4 c5 2. Nc3 Nc6 3. f4 e6 4. Nf3 d5 5. d3 dxe4 6. Nxe4 Nf6 7. Bd2 b6 8. g3 Bb7 9. Bg2 Be7 10. 0-0 0-0 11. Bc3 Nd5 12. Bd2 Nf6 13. Bc3 Nd5 14. Bd2 Nf6 15. Bc3 1/2-1/2

[Event "Stare Mesto op"]
[Site "Stare Mesto"]
[Date "2008.08.15"]
[Round "9"]
[White "Weglarz, Leszek"]
[Black "Dvoulety, Pavel"]
[Result "1-0"]
[WhiteElo "2303"]
[BlackElo "2095"]
[PlyCount "85"]
[EventDate "2008.08.08"]
[EventType "swiss"]
[EventRounds "10"]
[EventCountry "CZE"]
[SourceTitle "CBM 125 Extra"]
[Source "ChessBase"]
[SourceDate "2008.09.01"]
[SourceVersion "1"]
[SourceVersionDate "2008.09.01"]
[SourceQuality "1"]

1. e4 c5 2. Nf3 Nc6 3. Bb5 d6 4. 0-0 Bd7 5. Re1 e6 6. c3 Be7 7. d4 cxd4 8. cxd4 Nf6 9. Nc3 0-0 10. d5 Na5 11. Bf1 Rc8 12. e5 Nxd5 13. Nxd5 exd5 14. exd6 Bxd6 15. Qxd5 Bg4 16. Qe4 Bh5 17. Be3 Nc6 18. Red1 Qf6 19. Qd5 Bxf3 20. Qxf3 Qxf3 21. gxf3 Bb8 22. Rd7 b6 23. f4 Rfd8 24. Rad1 Rxd7 25. Rxd7 Rc7 26. Rd1 Kf8 27. Kg2 Ke7 28. Kf3 Rd7 29. Re1 Kf6 30. Rc1 Nd4+ 31. Ke4 Nf5 32. Bh3 g6 33. Rc6+ Ke7 34. Bxf5 gxf5+ 35. Kxf5 Rd5+ 36. Kg4 Bd6 37. Rc2 Ke6 38. b3 h5+ 39. Kf3 Kf5 40. Rc8 Ra5 41. a4 b5 42. Rc6 Be7 43. Bc5 1-0

[Event "SVK-ch op-A"]
[Site "Zvolen"]
[Date "2008.07.12"]
[Round "8"]
[White "Riabov, Alexander"]
[Black "Weglarz, Leszek"]
[Result "1/2-1/2"]
[WhiteElo "2102"]
[BlackElo "2303"]
[PlyCount "110"]
[EventDate "2008.07.06"]
[EventType "swiss"]
[EventRounds "9"]
[EventCountry "SVK"]
[SourceTitle "CBM 125 Extra"]
[Source "ChessBase"]
[SourceDate "2008.09.01"]
[SourceVersion "1"]
[SourceVersionDate "2008.09.01"]
[SourceQuality "1"]

1. e4 g6 2. d4 Bg7 3. Nc3 c6 4. d5 d6 5. Be3 Nf6 6. Qd2 0-0 7. 0-0-0 b5 8. dxc6 b4 9. Nd5 Nxc6 10. Nxb4 Nxb4 11. Qxb4 Be6 12. f3 Rb8 13. Qa4 Rxb2 14. Kxb2 Nxe4+ 15. Kc1 Nc3 16. Qxa7 Qb8 17. Qxb8 Rxb8 18. Re1 Nd5 19. Bd2 Bb2+ 20. Kd1 Nc3+ 21. Bxc3 Bxc3 22. Re3 Rb1+ 23. Ke2 Bc4+ 24. Rd3 Bxd3+ 25. Kxd3 Bg7 26. Ne2 Ra1 27. Nc3 Bxc3 28. Kxc3 Rxa2 29. Bc4 Ra7 30. Rb1 Kg7 31. f4 h5 32. Bd5 Kf6 33. Kd4 Ra4+ 34. Ke3 Ra3+ 35. Rb3 Ra5 36. c4 Rc5 37. Kd4 Ra5 38. Rb8 Ra1 39. Rf8 e6 40. Bc6 Rd1+ 41. Kc3 Rc1+ 42. Kb4 Rb1+ 43. Ka5 Rc1 44. Kb4 Rb1+ 45. Kc3 Rc1+ 46. Kd3 Rd1+ 47. Ke3 Rc1 48. Bb5 Rc2 49. Rd8 d5 50. Kd3 Rb2 51. Kc3 Rb1 52. Kc2 Rb4 53. Kc3 Rb1 54. Kc2 Rb4 55. Kc3 Rb1 1/2-1/2

[Event "SVK-ch op-A"]
[Site "Zvolen"]
[Date "2008.07.10"]
[Round "6"]
[White "Domany, Zsofia"]
[Black "Weglarz, Leszek"]
[Result "1/2-1/2"]
[WhiteElo "2157"]
[BlackElo "2303"]
[PlyCount "117"]
[EventDate "2008.07.06"]
[EventType "swiss"]
[EventRounds "9"]
[EventCountry "SVK"]
[SourceTitle "CBM 125 Extra"]
[Source "ChessBase"]
[SourceDate "2008.09.01"]
[SourceVersion "1"]
[SourceVersionDate "2008.09.01"]
[SourceQuality "1"]

1. e4 g6 2. d4 Bg7 3. Nc3 c6 4. Be3 d5 5. Qd2 dxe4 6. Nxe4 Nd7 7. Nf3 Ngf6 8. Nxf6+ Nxf6 9. Bd3 Bf5 10. Bxf5 gxf5 11. 0-0-0 Qd5 12. Kb1 0-0-0 13. Qb4 e6 14. Qa4 a6 15. Ne5 Rhf8 16. Bf4 Qb5 17. Qa3 Ng4 18. c4 Qb6 19. c5 Qb5 20. Nxg4 fxg4 21. Bd6 Rxd6 22. cxd6 Rd8 23. Qc5 Bf8 24. Qxb5 axb5 25. h3 gxh3 26. Rxh3 h6 27. Rf3 f5 28. Rg3 Kd7 29. Rg8 Kxd6 30. Rh8 Kd5 31. Kc2 Be7 32. Rxd8+ Bxd8 33. Kd3 Bf6 34. Ke3 Bg5+ 35. f4 Bf6 36. b3 b4 37. Rd3 Bg7 38. Rd1 Bf6 39. g3 Bg7 40. Rd2 Bf6 41. Kf3 Bxd4 42. Rh2 Bg7 43. Rd2+ Bd4 44. Rh2 Bg7 45. Rh5 Kd6 46. g4 fxg4+ 47. Kxg4 c5 48. Rh1 b5 49. Kh5 Kd5 50. Kg6 Bd4 51. Kf7 c4 52. Rh5+ Ke4 53. Rxb5 c3 54. Rxb4 c2 55. Rc4 Kd3 56. Rxc2 Kxc2 57. Kxe6 Kb2 58. Kd5 Bc3 59. Ke4 1/2-1/2

[Event "Stare Mesto op"]
[Site "Stare Mesto"]
[Date "2007.08.14"]
[Round "6"]
[White "Weglarz, Leszek"]
[Black "Krcal, Michal"]
[Result "1-0"]
[WhiteElo "2283"]
[BlackElo "2195"]
[PlyCount "87"]
[EventDate "2007.08.10"]
[EventType "swiss"]
[EventRounds "10"]
[EventCountry "CZE"]
[SourceTitle "CBM 119 Extra"]
[Source "ChessBase"]
[SourceDate "2007.09.04"]
[SourceVersion "1"]
[SourceVersionDate "2007.09.04"]
[SourceQuality "1"]

1. c4 Nf6 2. g3 g6 3. b3 Bg7 4. Bb2 0-0 5. Bg2 c6 6. Nf3 d5 7. 0-0 Nbd7 8. Qc2 Qc7 9. cxd5 Nxd5 10. Bxg7 Kxg7 11. e4 N5b6 12. d4 e5 13. Nc3 exd4 14. Nxd4 Ne5 15. Rad1 c5 16. Ndb5 Qe7 17. Nd5 Nxd5 18. exd5 Bf5 19. Qc3 Qf6 20. f4 Nd7 21. Qxf6+ Kxf6 22. Nd6 Rab8 23. Nxf5 gxf5 24. d6 Rfe8 25. Rd5 Re2 26. Bh3 Kg7 27. Rxf5 f6 28. Rd5 Rd8 29. Rf2 Re1+ 30. Kg2 b6 31. Kf3 Nb8 32. Re2 Rxe2 33. Kxe2 Nc6 34. d7 Kf7 35. Kf2 Nd4 36. b4 Ne6 37. Rd6 Nd4 38. bxc5 bxc5 39. Ra6 c4 40. Ra4 f5 41. Rxc4 Rxd7 42. Ke3 Nb5 43. Bxf5 Re7+ 44. Re4 1-0